00572cam a2200169 a 450000100100000000500170001000800410002704000250006808200210009310000230011424500470013726000520018430000240023650000480026065000450030865000490035300000115120200929145505.0730622s1968 ec a 000 0 spa d aDO-SdBNPbspacBNPHU a792.09866bD445h1 aDescalzi, Ricardo.10aHistoria crítica del teatro ecuatoriano. aQuito :bCasa de la Cultura Ecuatoriana,c1968. av. :bil. ;c19 cm. aLa biblioteca posee los volumenes 3, 4 y 5. 4aTeatro ecuatorianoxHistoria y crítica 4aLiteratura ecuatorianaxHistoria y crítica